Sports Quiz

Random Sports or NCAA Quiz

College Basketball in the '80s Quiz Stats

 Plays Quiz not verified by Sporcle

Challenge
Share
Tweet
Embed
Score 0/30 Timer 05:00
0 Plays Today
% Correct
North Carolina
97.7%
North Carolina
97.7%
North Carolina
97.7%
North Carolina
97.7%
Georgetown
92.1%
Georgetown
92.1%
Duke
89.6%
Michigan
89.5%
North Carolina State
89.3%
Indiana
89%
Indiana
89%
Indiana
89%
Michael Jordan
88.8%
Kansas
86.3%
Villanova
85.8%
% Correct
Patrick Ewing
85.1%
Louisville
80.4%
Louisville
80.4%
Kentucky
71.9%
Ralph Sampson
67.9%
Ralph Sampson
67.9%
Ralph Sampson
67.9%
Danny Manning
66.6%
Syracuse
65.9%
Virginia
55.9%
David Robinson
41.8%
Georgia Tech
30.4%
Danny Ferry
27.4%
Johnny Dawkins
24.9%
Mark Aguirre
23.2%

You're not logged in!

Compare scores with friends on all Sporcle quizzes.
OR
Log In

You Might Also Like...

Show Comments

Extras

Created Apr 13, 2013ReportNominate
Tags:Basketball Quiz, NCAA Quiz

Top Quizzes Today


Score Distribution

Your Account Isn't Verified!

In order to create a playlist on Sporcle, you need to verify the email address you used during registration. Go to your Sporcle Settings to finish the process.

Report this User

Report this user for behavior that violates our Community Guidelines.

Details: